My time is now (Record no. 183547)
[ view plain ]
| 000 -LEADER | |
|---|---|
| campo de control de longitud fija | 00895nam a2200241 i 4500 |
| 001 - NÚMERO DE CONTROL | |
| campo de control | 183547 |
| 003 - IDENTIFICADOR DE NÚMERO DE CONTROL | |
| campo de control | ES-MaACL |
| 005 - FECHA Y HORA DE LA ÚLTIMA TRANSACCIÓN | |
| campo de control | 20231106102539.0 |
| 008 - DATOS DE LONGITUD FIJA--INFORMACIÓN GENERAL | |
| campo de control de longitud fija | 140717s2012 sp af |||| |dspa d |
| 080 ## - NÚMERO DE LA CLASIFICACIÓN DECIMAL UNIVERSAL | |
| Número de la Clasificación Decimal Universal | 087.5:82 |
| 100 1# - ENTRADA PRINCIPAL--NOMBRE DE PERSONA | |
| Nombre de persona | Lorenzo Aguilera, RosaMari. |
| 9 (RLIN) | 152687 |
| 245 10 - MENCIÓN DEL TÍTULO | |
| Título | My time is now |
| Resto del título | = Mi tiempo es ahora / |
| Mención de responsabilidad, etc. | RosaMari Lorenzo Aguilera. |
| 246 31 - FORMA VARIANTE DEL TITULO | |
| Título propio/Titulo breve | Mi tiempo es ahora |
| 250 ## - MENCION DE EDICION | |
| Mención de edición | 1ª ed. |
| 260 ## - PUBLICACIÓN, DISTRIBUCIÓN, ETC. | |
| Lugar de publicación, distribución, etc. | [Madrid : |
| Nombre del editor, distribuidor, etc. | R.M. Lorenzo Aguilera], |
| Fecha de publicación, distribución, etc. | 2012. |
| 300 ## - DESCRIPCIÓN FÍSICA | |
| Extensión | 120, [2] p. : |
| Otras características físicas | il. col. y n. ; |
| Dimensiones | 21 cm. |
| 546 ## - NOTA DE IDIOMA | |
| Nota de lengua/lenguaje | Texto en español e inglés. |
| 852 ## - LOCALIZACIÓN | |
| Ubicación | ES-MaACL |
| itemnumber | 190488 |
| Sublocalización o colección | R.149984 |
| Número de control de estantería | A-13157 |
| Signatura antigua | Olim: N-6157 |
| Ubicación en estantería | Depósito 1 |
| Anotaciones manuscritas | Dedicatoria autógrafa de la autora |
| Donativo/Legado | Donación: de la autora RosaMarí Lorenzo Aguilera |
| 903 ## - NOMBRE PERSONAL DE DONANTE | |
| 9 | 152687 |
| a | Lorenzo Aguilera, RosaMari |
| e | Donante |
| 942 ## - ELEMENTOS DE ENTRADA SECUNDARIOS (KOHA) | |
| Fuente del sistema de clasificación o colocación | Clasificación decimal universal |
| Tipo de ítem Koha | Libro impreso |
| Estatus retirado | Estado de pérdida | Fuente del sistema de clasificación o colocación | Estado de daño | No para préstamo | Colección | Biblioteca de origen | Biblioteca actual | Ubicación en estantería | Fecha de adquisición | Fuente de adquisición | Total de préstamos | Signatura topográfica completa | Código de barras | Visto por última vez | Precio de reemplazo | Tipo de ítem Koha | Nota pública |
|---|---|---|---|---|---|---|---|---|---|---|---|---|---|---|---|---|---|
| Clasificación decimal universal | Libros con dedicatorias | Biblioteca del Ateneo de Madrid | Biblioteca del Ateneo de Madrid | Depósito 1 | 17/07/2014 | Donación | A-13157 | 1192927 | 23/02/2023 | 23/02/2023 | Libro impreso | Dedicatoria autógrafa de la autora |
